| 000 | 00935nam a22003377a 4500 | ||
|---|---|---|---|
| 001 | 0161 | ||
| 003 | DO-SdBNP | ||
| 005 | 20160311095111.0 | ||
| 007 | 0161 | ||
| 008 | 151005b 200 1990 xxu 00| 0 spa d | ||
| 020 | _a0307001105 | ||
| 040 |
_aBPMSU _bspa _cBPMSU |
||
| 041 | _aeng | ||
| 092 |
_aXXXX _bXXXX |
||
| 245 | 0 | 0 |
_aGarfield / _bthe cat show / _ccreado por Jim Davis ; historia de Norma Simone ; ilustraciónes Mike Fentz |
| 260 |
_aNew York : _bGolden book, _c1990. |
||
| 300 |
_a[23] p. : _bil. _c20 cm. |
||
| 490 | 1 | _aA little golden book | |
| 504 | _aBibliografía p: 59 | ||
| 700 | 1 | 2 |
_aDavis, Jim _eCre. |
| 700 | 1 | 2 |
_aSimone, Norma _etex. |
| 700 | 1 | 2 |
_aFentz, Mike _eil. |
| 700 | 1 | 2 | _aHoone, Claudia |
| 700 | 1 | 2 | _aMcGowan, Thomas M. |
| 700 | 1 | 2 | _aMcKinney-Browning, Mabel C. |
| 700 | 1 | 2 | _aMiramontes, Ofelia B. |
| 830 | 0 | _aA little golden book | |
| 910 | _a144 | ||
| 942 |
_2ddc _cBK |
||
| 956 | _aYngrid Lockward | ||
| 999 |
_c9188 _d9188 |
||